000 00524nam a2200217Ia 4500
003 OSt
005 20220928145141.0
006 a|||||r|||| 00| 0
007 ta
008 220927b |||||||| |||| 00| 0 eng d
024 _a79208
037 _cTextual
040 _aSDCL
_cSDCL
_beng
041 _2eng
_aeng
082 _aO-,1N23x, K7
100 _aDickey James
_9511945
245 0 _aPoems, 1957-1967.
260 _c1967
942 _hO-,1N23x, K7
_cTEXL
_2CC
999 _c832326
_d832326